000 00816nam a2200265Ia 4500
003 OSt
005 20220927104753.0
006 a|||||r|||| 00| 0
007 ta
008 220926b |||||||| |||| 00| 0 eng d
024 _a137516
037 _cReference Collections
040 _aRTL
_cRTL
_beng
041 _2eng
_aeng
082 _a"V:1954.1.N9, N3/UN"
100 _aDorn A. Walter
_9367213
245 0 _aIndex to the chemical weapons convention.
260 _aNew
_bYork United Nations U. S. A.
_c1993
300 _a66p.
_ccm.
500 _a"United Nations Institute for Disarmament Research, Research Paper, 18."
650 _a History
650 _aDisarmament
942 _h"V:1954.1.N9, N3/UN"
_cCC
999 _c688605
_d688605